Countries Starting with 'B' - Statistics

General Stats
  • This quiz has been taken 213 times
  • The average score is 15 of 17
Answer Stats
Continent Country % Correct
South America Bolivia
96%
South America Brazil
95%
Europe Belgium
93%
Europe Belarus
90%
Europe Bulgaria
90%
Europe Bosnia and Herzegovina
88%
Africa Botswana
88%
North America Barbados
87%
North America Bahamas
86%
Asia Bhutan
86%
North America Belize
85%
Africa Burundi
85%
Asia Bangladesh
84%
Asia Bahrain
83%
Asia Brunei
83%
Africa Benin
81%
Africa Burkina Faso
75%
No matching quizzes found
Score Distribution
Percent of People with Each Score
Percentile by Number Answered
Your Score History
You have not taken this quiz